| 000 | 00497cam a2200181 4500 | ||
|---|---|---|---|
| 001 | D14156 | ||
| 008 | 090401t1899 xxu||||| |||| 00| 0 eng d | ||
| 035 | _a(Sirsi) u13737 | ||
| 041 | _aeng | ||
| 100 | _aVernon, Arthur | ||
| 245 | _aEstate fences: their choice, construction and cost. A chapter on boundaries and fences in their legal aspect | ||
| 260 |
_aLondon _bE & F N Spon _c1899 |
||
| 350 | _a0 | ||
| 520 | _aShelf 136 | ||
| 700 | _aMarshall, T.W. | ||
| 942 | _n0 | ||
| 948 | _c04/03/1997 | ||
| 999 |
_c87138 _d87138 |
||